There is a tide (Record no. 374127)

000 -LEADER
fixed length control field 00376cam a22001457a 4500
008 - FIXED-LENGTH DATA ELEMENTS--GENERAL INFORMATION
fixed length control field 180718b1954 xxu||||| |||| 00| 0 eng d
082 ## - DEWEY DECIMAL CLASSIFICATION NUMBER
Classification number A99 C859/M625
100 ## - MAIN ENTRY--PERSONAL NAME
Personal name Mills, G.H. Saxon
245 ## - TITLE STATEMENT
Title There is a tide
Statement of responsibility, etc. by G.H. Saxon Mills
260 ## - PUBLICATION, DISTRIBUTION, ETC.
Place of publication, distribution, etc. London
Name of publisher, distributor, etc. Heinemann
Date of publication, distribution, etc. 1954
300 ## - PHYSICAL DESCRIPTION
Extent 197p.
500 ## - GENERAL NOTE
General note 16/-
650 ## - SUBJECT ADDED ENTRY--TOPICAL TERM
Topical term or geographic name entry element Advertising - UK
650 ## - SUBJECT ADDED ENTRY--TOPICAL TERM
Topical term or geographic name entry element Crawford, William
Holdings
Withdrawn status Lost status Damaged status Not for loan Permanent Location Current Location Date acquired Full call number Barcode Date last seen Price effective from Koha item type
        Indian Institute of Public Administration Indian Institute of Public Administration 1994-06-25 A99 C859/M625 7640 2018-07-21 2018-07-21 Book

Powered by Koha